00489nam a22001697a 450000500170000001000150001702000260003203500130005803700130007108200110008410000150009524500490011026000330015927000460019230000310023850000500026920140812144836.0 aENG-110367 a9789350622629c325.00 aEN-93899 bDBAD/PUB a658.45 aRao, P. L. aOrganisational communication /cby P. L. Rao aNew DelhibExcel Booksc2013 aA-45, Naraina, Phase IbNew Delhie110028 ax,422p. :c24cm(pbk)bill. aIncludes bibliographical references and index